000 00774nam a2200217 i 4500
001 28582
003 ES-MaACL
005 20250822062543.0
007 t|
008 030117q1930 sp ||||1| spa d
100 1 _aBaldwin, James Mark.
_924913
245 1 0 _aElementos de psicología /
_cpor J. Mark Baldwin ; traducción del inglés por Edmundo González-Blanco.
260 _aMadrid :
_bLa España Moderna,
_c[1930?] (
_fGabriel López del Horno)
300 _a476 p. ;
_c23 cm.
490 1 _aBiblioteca de jurisprudencia, filosofía e historia
650 0 7 _aPsicología
_2embne
_916540
700 1 _aGonzález-Blanco, Edmundo.
_958462
830 0 0 _aBiblioteca de jurisprudencia, filosofía e historia
_9180691
852 _aES-MaACL
_jF-14903
999 _c28582
_d28582